LEADER 01521nam2 2200313 450 001 000033135 005 20221207125757.0 100 $a20200527d1978----km-y0itay50------ba 101 0 $aita 102 $aIT 105 $ay-------001yy 200 1 $a<>evoluzione della navigazione negli ultimi cinquanta anni attraverso le tesi di laurea dell'Istituto universitario navale$fdi Antonino Sposito 210 $aNapoli$cStabilimento tipografico Giannini$d1978 215 $aP. 37-65$cill.$d24 cm 225 2 $aLavori scientifici e scritti diversi$fAntonino Sposito 300 $aEstratto dal volume: "Studi in onore di Giuseppe Simeon" 300 $aIn testa al frontespizio: Istituto universitario navale. Istituto di Astronomia Nautica e navigazione 410 0$12001$aLavori scientifici e scritti diversi 461 1$1001000034999$aG. Simeon - Opere 500 10$a<>evoluzione della navigazione negli ultimi cinquanta anni attraverso le tesi di laurea dell'Istituto universitario navale$91743665 610 1 $aTesi di laurea$aBibliografia$aNavigazione 676 $a623.89$v21$9Navigazione. Trattamento storico 700 1$aSposito,$bAntonino$0630092 801 0$aIT$bUNIPARTHENOPE$c20200527$gRICA$2UNIMARC 912 $a000033135 951 $aColl. SIM. 2-7/47$bs.i.$cDSA$d2020 951 $aColl. SIM. 2-7 bis/47 bis$bs.i.$cDSA$d2020 996 $aEvoluzione della navigazione negli ultimi cinquanta anni attraverso le tesi di laurea dell'Istituto universitario navale$91743665 997 $aUNIPARTHENOPE